| 000 | 01405nam a22003617a 4500 | ||
|---|---|---|---|
| 003 | CHAP | ||
| 005 | 20240417112123.0 | ||
| 008 | 971013s1980 r 00010 d | ||
| 010 | _a40177 | ||
| 011 | _a41149 | ||
| 035 | _a45275 | ||
| 040 | _cCHAP | ||
| 082 |
_a574.5 _bF5 |
||
| 100 | 1 | 0 |
_aFlores Alcántara, Roberto Arturo _941425 |
| 245 | _aEcología general, manual de prácticas | ||
| 260 |
_aChapingo, Méx. : _bUACH. Depto. de Fitotecnia, _c1980 |
||
| 300 |
_a376 p. _b: gráfs. |
||
| 590 |
_aBATCH-UPD _b10 _c20130110 _lUCH01 _h1804 |
||
| 590 |
_aBATCH-UPD _b10 _c20130410 _lUCH01 _h1139 |
||
| 590 |
_aBATCH-UPD _b10 _c20130914 _lUCH01 _h1227 |
||
| 590 |
_aCONVERSION _b10 _c20130109 _lUCH01 _h1322 |
||
| 650 | 1 | 4 |
_aEcología. _935134 |
| 901 | _aBK | ||
| 942 | _cLIBRO | ||
| 949 |
_a574.5 F5 _bBC _cLIBRO _d-103486 _eLIBRO _fc.8 _h54624 _i45275 _si |
||
| 949 |
_a574.5 F5 _bBC _cLIBRO _d33724000428132 _eLIBRO _h54617 _i45275 _si |
||
| 949 |
_a574.5 F5 _bBC _cLIBRO _d33724000428140 _eLIBRO _fc.5 _h54621 _i45275 _si |
||
| 949 |
_a574.5 F5 _bBC _cLIBRO _d33724000428157 _eLIBRO _fc.2 _h54618 _i45275 _si |
||
| 949 |
_a574.5 F5 _bBC _cLIBRO _d33724000428165 _eLIBRO _fc.6 _h54622 _i45275 _si |
||
| 949 |
_a574.5 F5 _bBC _cLIBRO _d33724000428181 _eLIBRO _fc.3 _h54619 _i45275 _si |
||
| 949 |
_a574.5 F5 _bBC _cLIBRO _d33724002311777 _eLIBRO _fc.4 _h54620 _i45275 _si |
||
| 949 |
_a574.5 F5 _bBC _cUACH _d33724000428173 _eUACH _fc.7 _h54623 _i45275 _si |
||
| 999 |
_c40177 _d40177 |
||